| 000 | 00681cam a22002533a 4500 | ||
|---|---|---|---|
| 001 | 30024 | ||
| 003 | PGUSA | ||
| 005 | 20140828083640.0 | ||
| 008 | 090918s2009||||xxu|||||s|||||000 | eng d | ||
| 040 |
_aPGUSA _beng |
||
| 042 | _adc | ||
| 050 | 4 | _aPZ | |
| 245 | 1 | 4 |
_aThe Fisher-Boy Urashima _h[electronic resource] |
| 260 |
_bProject Gutenberg, _c2009 |
||
| 506 | _aPublic domain in the USA. | ||
| 516 | _aElectronic text | ||
| 653 | _aFairy tales | ||
| 653 | _aFolklore -- Japan | ||
| 700 | 1 |
_aChamberlain, Basil Hall, _d1850-1935 |
|
| 700 | 1 |
_aEitaku, _d1843-1890 |
|
| 830 | 0 |
_aProject Gutenberg _v30024 |
|
| 856 | 4 | 0 | _uhttp://www.gutenberg.org/ebooks/30024 |
| 942 | _cEB | ||
| 999 |
_c259279 _d259279 |
||